LEADER 01691nam 2200397Ia 450 001 996389664603316 005 20210104172047.0 035 $a(CKB)4940000000095598 035 $a(EEBO)2240882797 035 $a(OCoLC)ocn811766110e 035 $a(OCoLC)811766110 035 $a(EXLCZ)994940000000095598 100 $a20121003d1620 uy 0 101 0 $aeng 135 $aurbn||||a|bb| 200 14$aAne act against all vnlawfull alienations, made by dyvours and banck-rupts$b[electronic resource] $eApud Edinburgh xij die mensis Iulij 1620 210 $a[Edinburgh] $cPrinted by Thomas Finlason his M. printer$d[1620] 215 $a1 sheet ([1] p.) 300 $aPlace and date of publication suggested by STC (2nd ed.). 300 $aPrinted on 2 sheets pasted together before printing. 300 $aAt end of text: ordeined to bee published in print. Per actum dominorum supremi senatus & confilii. 300 $aTitle within ornamental border. 300 $aImperfect: broadside torn and creased with some loss of text. 300 $aReproduction of original in: National Library of Scotland--Crawford Collections. 330 $aeebo-0097 607 $aScotland$xHistory$y16th century$vEarly works to 1800 607 $aScotland$xPolitics and government$y16th century$vEarly works to 1800 608 $aBroadsides$zScotland$zEdinburgh$y16th century.$2rbgenr 701 $aJames$cKing of England,$f1566-1625.$01001019 702 $aFinlason$b Thomas$fd. 1627, 801 0$bUMI 801 1$bUMI 906 $aBOOK 912 $a996389664603316 996 $aAne act against all vnlawfull alienations, made by dyvours and banck-rupts$92423168 997 $aUNISA LEADER 01316nas 2200409- 450 001 996321422103316 005 20220418213023.0 011 $a2502-5074 035 $a(OCoLC)947082665 035 $a(CKB)3710000000499461 035 $a(CONSER)--2016252324 035 $a(EXLCZ)993710000000499461 100 $a20151109a20069999 --- - 101 0 $aind 135 $aur|nu|||||||| 181 $ctxt$2rdacontent 182 $cc$2rdamedia 183 $acr$2rdacarrier 200 10$aDinamika pendidikan 210 1$aSemarang, Jawa Tengah, Indonesia :$cFakultas Ekonomi, Universitas Negeri Semarang,$d2006- 215 $a1 online resource 300 $aRefereed/Peer-reviewed 311 $a1907-3720 517 1 $aJurnal pendidikan ekonomi dinamika pendidikan 531 0 $aDinamika pendidik. 606 $aEconomics$xStudy and teaching$zIndonesia$vPeriodicals 606 $aEconomics$xStudy and teaching$2fast$3(OCoLC)fst00902224 607 $aIndonesia$2fast 608 $aPeriodicals.$2fast 608 $aPeriodicals.$2lcgft 615 0$aEconomics$xStudy and teaching 615 7$aEconomics$xStudy and teaching. 712 02$aUniversitas Negeri Semarang.$bFakultas Ekonomi, 906 $aJOURNAL 912 $a996321422103316 996 $aDinamika Pendidikan$92814371 997 $aUNISA